000 00543nam a2200193Ia 4500
999 _c14781
_d14781
003 OSt
005 20201104132841.0
008 190216s9999||||xx |||||||||||||| ||und||
020 _a9780192803535
040 _coclc
082 _a791.43
_bWOO/F
100 _aWood, Michael
_96271
245 0 _aFilm A Very Short Introduction /
_cMichael Wood
250 _a1st Ed.
260 _bOxford University Press,
_c2012.
_aNew York:
300 _a138p
650 _aEnglish
942 _cBK
_2ddc
_h791.43
_iWOO/F
_k791.43
_mWOO/F